La vida interior simplificada y reducida a su fundamento
Guardat en:
| Autor principal: | |
|---|---|
| Format: | Llibre |
| Idioma: | espanyol |
| Publicat: |
Friburgo de Brisgovia
Herder
1937
|
| Edició: | 7a. ed |
| Matèries: | |
| Etiquetes: |
Afegir etiqueta
Sense etiquetes, Sigues el primer a etiquetar aquest registre!
|
MARC
| LEADER | 00000cam a2200000 a 4500 | ||
|---|---|---|---|
| 001 | UCD0273 | ||
| 003 | CL-VaPUC | ||
| 008 | 151120e19370000gw |||||||||||||||||spa|d | ||
| 082 | 0 | 4 | |a 291.4 |b TIS |2 21 |
| 100 | 0 | |a Tissot, José |e author |9 583263 | |
| 245 | 1 | 3 | |a La vida interior simplificada y reducida a su fundamento |
| 250 | |a 7a. ed | ||
| 300 | |a 522 p | ||
| 942 | |c BK | ||
| 945 | |d 20151120 13:39:00 |a gsalatino | ||
| 260 | |a Friburgo de Brisgovia |b Herder |c 1937 | ||
| 650 | 0 | |a Espiritualismo |9 334876 | |
| 650 | 0 | |a Religión |9 255164 | |
| 650 | 0 | |a Filosofía de la religión |9 256017 | |
| 583 | |a last modification |c 20151120 13:39:00 |k Rodrigo Vera | ||
| 999 | |c 361839 |d 361837 | ||
| 952 | |0 0 |1 0 |3 erd |4 0 |6 291_400000000000000_TIS_1937 |7 0 |8 P |9 472575 |a BIBTEO |b BIBTES |c TEO_FTES |i 5270898 |o 291.4 TIS 1937 |p 5270898 |r 2024-01-18 |w 2019-11-24 |y BK |z Catalogado en:20151120 |k ICR | ||